Programming languages, principles and practice / (Record no. 2579)

MARC details
000 -LEADER
fixed length control field 00618nac a22001931u 4500
008 - FIXED-LENGTH DATA ELEMENTS--GENERAL INFORMATION
fixed length control field 081019t2002 xxc|||||r|||| 001 0 eng d
010 ## - LIBRARY OF CONGRESS CONTROL NUMBER
LC control number 2002105363
020 ## - INTERNATIONAL STANDARD BOOK NUMBER
International Standard Book Number 0534953417
035 ## - SYSTEM CONTROL NUMBER
System control number (DLC) 2002105363
082 ## - DEWEY DECIMAL CLASSIFICATION NUMBER
Classification number 005.1321
Item number LOU
100 ## - MAIN ENTRY--PERSONAL NAME
Personal name Louden, Kenneth C.
9 (RLIN) 4233
245 10 - TITLE STATEMENT
Title Programming languages, principles and practice /
Statement of responsibility, etc Kenneth C. Louden.
250 ## - EDITION STATEMENT
Edition statement 2nd ed.
260 ## - PUBLICATION, DISTRIBUTION, ETC. (IMPRINT)
Place of publication, distribution, etc Pacific Grove, CA :
Name of publisher, distributor, etc Brooks/Cole,
Date of publication, distribution, etc c2002.
300 ## - PHYSICAL DESCRIPTION
Extent xiii, 694 p.
Dimensions 24 cm.
Other physical details ill.;
500 ## - GENERAL NOTE
General note One copy Distributerd by Bacca.
650 ## - SUBJECT ADDED ENTRY--TOPICAL TERM
Topical term or geographic name as entry element Programming languages
9 (RLIN) 4234
942 ## - ADDED ENTRY ELEMENTS (KOHA)
Item type Book - Borrowing
Call number prefix 005.1321LOU
Source of classification or shelving scheme Dewey Decimal Classification
Holdings
Withdrawn status Item status Source of classification or shelving scheme Damaged status Not for loan Vendor Home library Current library Shelving location Date acquired Source of acquisition Cost, normal purchase price Total Checkouts Full call number Barcode Date last seen Date last borrowed Cost, replacement price Koha item type Total Renewals Materials specified (bound volume or other part)
    Dewey Decimal Classification       Central Library Central Library Lower Floor 25/02/2007   190.00 8 005.1321 LOU 000001497 15/07/2025 09/03/2016 237.50 Book - Borrowing    
            Central Library Central Library Lower Floor 25/02/2007 Purchase 190.00 7 005.1321 LOU 000001496 15/07/2025 08/03/2011 237.50 Book - Borrowing 12  
            Central Library Central Library Lower Floor 25/02/2007 Purchase 190.00 2 005.1321 LOU 000001495 15/07/2025 08/05/2011 237.50 NB - Book (Non borrowing)    
    Dewey Decimal Classification       Central Library Central Library Lower Floor 19/10/2008 Purchase 190.00 4 005.1321 LOU 000014051 15/07/2025 05/05/2011 237.50 Book - Borrowing    
  Lost Dewey Decimal Classification       Central Library Central Library Lower Floor 19/10/2008 Purchase 190.00 2 005.1321 LOU 000014052 08/12/2009 02/11/2009 237.50 Book - Borrowing   Lost In Inventory_2015-8-23
    Dewey Decimal Classification       Central Library Central Library Lower Floor 19/10/2008 Purchase 190.00 6 005.1321 LOU 000014053 15/07/2025 01/10/2017 237.50 Book - Borrowing 16